The Computer revolution in education : new technologies for distance teaching

Αποθηκεύτηκε σε:
Λεπτομέρειες βιβλιογραφικής εγγραφής
Άλλοι συγγραφείς: Jones, Ann 1954- (Επιμελητής έκδοσης), Scanlon, Eileen (Επιμελητής έκδοσης), O'Shea, Tim 1949- (Επιμελητής έκδοσης)
Μορφή: Βιβλίο
Γλώσσα:English
Δημοσίευση: Brighton, Sussex : New York : Harvester Press ; , St. Martin's Press, 1987
Θέματα:
Ετικέτες: Προσθήκη ετικέτας
Δεν υπάρχουν, Καταχωρήστε ετικέτα πρώτοι!

MARC

LEADER 00000nam a2200000 i 4500
001 1/85996
008 981023s1987 eng d
020 |a 0-7108-0985-9 
035 |l 10034856 
035 |a 1992  |b 1  |c Ανθουλιάς 
040 |a GR-MY-UA  |b gre  |e aacr 
041 0 |a eng 
082 0 |a 371.3078  |2 (19) 
245 1 4 |a The Computer revolution in education :  |b new technologies for distance teaching /  |c edited by Ann Jones, Eileen Scanlon, Tim O'Shea 
260 |a Brighton, Sussex :   |a New York :   |b Harvester Press ; ,   |b St. Martin's Press,   |c 1987 
300 |a xiii, 282 p.;  |b ill.;  |c 22 cm 
504 |a Includes bibliographies and index 
650 0 0 |a Distance education  |z Great Britain  |x Computer-assisted instruction. 
650 0 0 |a Information technology  |z Great Britain. 
700 1 |a Jones, Ann  |d 1954-  |4 edt 
700 1 |a Scanlon, Eileen.  |4 edt 
700 1 |a O'Shea, Tim  |d 1949-  |4 edt 
852 |a INST  |b RHODES  |e 19981023  |h 371.3078 COM  |p 005400008284  |q 005400008284  |t BK  |y 0 
909 |a Ρ  |b 022832  |c 1992